আফ্রিকা / (Record no. 38619)
[ view plain ]
| 000 -LEADER | |
|---|---|
| fixed length control field | 00900nam a22002537a 4500 |
| 001 - CONTROL NUMBER | |
| control field | 38619 |
| 003 - CONTROL NUMBER IDENTIFIER | |
| rucl marc code | BD-RjUL |
| 005 - DATE AND TIME OF LATEST TRANSACTION | |
| control field | 20211209052829.0 |
| 008 - FIXED-LENGTH DATA ELEMENTS--GENERAL INFORMATION | |
| fixed length control field | 160126s1974 bg ||||| |||| 001 0 ben d |
| 035 ## - SYSTEM CONTROL NUMBER | |
| System control number | (BD-RjUL)38727 |
| 040 ## - CATALOGING SOURCE | |
| Original cataloging agency | BD-RjUL |
| Language of cataloging | eng |
| Transcribing agency | BD-RjUL |
| 041 ## - LANGUAGE CODE | |
| Language code of text/sound track or separate title | eng |
| 082 ## - DEWEY DECIMAL CLASSIFICATION NUMBER | |
| Edition number | 23 |
| Classification number | 960 |
| Author mark and year | AHA 1974 |
| 100 ## - MAIN ENTRY--PERSONAL NAME | |
| Personal name | আহমদ, রফিক |
| 9 (RLIN) | 119196 |
| 245 ## - TITLE STATEMENT | |
| Title | আফ্রিকা / |
| Statement of responsibility, etc. | রফিক আহমদ |
| 260 ## - PUBLICATION, DISTRIBUTION, ETC. (IMPRINT) | |
| Place of publication, distribution, etc. | ঢাকা : |
| Name of publisher, distributor, etc. | বাংলা একাডেমী, |
| Date of publication, distribution, etc. | ১৯৭৪ |
| 300 ## - PHYSICAL DESCRIPTION | |
| Pagination | ১৪, ৫১২ পৃ. : |
| Illustrations | চিত্র ; |
| Size | ২২ সেমি. |
| 500 ## - GENERAL NOTE | |
| General note | নির্ঘন্ট সংযুক্ত |
| 651 ## - SUBJECT ADDED ENTRY--GEOGRAPHIC NAME | |
| Geographic name | আফ্রিকার |
| 9 (RLIN) | 119198 |
| Geographic name | আফ্রিকা |
| General subdivision | ভ্রমণ ও বর্ণনা |
| 9 (RLIN) | 119370 |
| Geographic name | Africa |
| 9 (RLIN) | 119197 |
| Geographic name | Africa |
| General subdivision | Description and travel |
| 9 (RLIN) | 119197 |
| 942 ## - ADDED ENTRY ELEMENTS (KOHA) | |
| Source of classification or shelving scheme | Dewey Decimal Classification |
| Koha item type | Books |
| Lost status | Source of classification or shelving scheme | Damaged status | Not for loan | Collection code | Permanent Location | Current Location | Shelving location | Date acquired | Source of acquisition | Cost, normal purchase price | Total Checkouts | Full call number | Date last seen | Date checked out | Copy number | Koha item type |
|---|---|---|---|---|---|---|---|---|---|---|---|---|---|---|---|---|
| Dewey Decimal Classification | Non-fiction | Central Library, University of Rajshahi | Central Library, University of Rajshahi | 23/06/1982 | Standard Pub. Ltd. | 34.00 | 5 | B 960 AHA 1974 | 29/09/2024 | 15/09/2024 | C-2 | Books | ||||
| Dewey Decimal Classification | Non-fiction | Central Library, University of Rajshahi | Central Library, University of Rajshahi | 15/08/1978 | Bangla Academy, Dhaka | 34.00 | 2 | B 960 AHA 1974 | 30/11/2022 | 03/11/2022 | C-3 | Books | ||||
| Dewey Decimal Classification | Not For Loan | Non-fiction | Central Library, University of Rajshahi | Central Library, University of Rajshahi | Reading Room | 26/06/1978 | Ureka Book Akademi, Rajshahi | 34.00 | B 960 AHA 1974 | 07/02/2016 | C-1 | Books | ||||
| Dewey Decimal Classification | Non-fiction | Central Library, University of Rajshahi | Central Library, University of Rajshahi | 26/06/1978 | Eureka book Agency, Rajshahi | 34.00 | 3 | B 960 AHA 1974 | 02/11/2022 | 20/10/2022 | C-4 | Books | ||||
| Dewey Decimal Classification | Non-fiction | Central Library, University of Rajshahi | Central Library, University of Rajshahi | 26/06/1978 | Ureka Book Akademi, Rajshahi | 34.00 | B 960 AHA 1974 | 03/11/2016 | C-5 | Books | ||||||
| Dewey Decimal Classification | Non-fiction | Central Library, University of Rajshahi | Central Library, University of Rajshahi | 26/06/1978 | Ureka Book Akademi, Rajshahi | 34.00 | 1 | B 960 AHA 1974 | 07/05/2018 | 12/04/2018 | C-6 | Books | ||||
| Dewey Decimal Classification | Not For Loan | Non-fiction | Central Library, University of Rajshahi | Central Library, University of Rajshahi | Reading Room | 26/06/1978 | Ureka Book Akademi, Rajshahi | 34.00 | B 960 AHA 1974 | 17/12/2016 | C-7 | Books | ||||
| Dewey Decimal Classification | Non-fiction | Central Library, University of Rajshahi | Central Library, University of Rajshahi | 26/06/1978 | Uraka Book agency, Rajshahi | 34.00 | 1 | B 960 AHA 1974 | 09/07/2017 | 30/05/2017 | C-8 | Books |